Architectural modelmaking / (Record no. 353749)
[ view plain ]
| 000 -LEADER | |
|---|---|
| fixed length control field | 01365nam a2200289 a 4500 |
| 001 - CONTROL NUMBER | |
| control field | ASIN1856696707 |
| 003 - CONTROL NUMBER IDENTIFIER | |
| control field | OSt |
| 005 - DATE AND TIME OF LATEST TRANSACTION | |
| control field | 20180116192417.0 |
| 008 - FIXED-LENGTH DATA ELEMENTS--GENERAL INFORMATION | |
| fixed length control field | 130726s2010 xxu eng d |
| 020 ## - INTERNATIONAL STANDARD BOOK NUMBER | |
| International Standard Book Number | 1856696707 (paperback) |
| Terms of availability | $40.00 |
| 020 ## - INTERNATIONAL STANDARD BOOK NUMBER | |
| International Standard Book Number | 9781856696708 (paperback) |
| 040 ## - CATALOGING SOURCE | |
| Transcribing agency | 00 |
| 050 04 - LIBRARY OF CONGRESS CALL NUMBER | |
| Classification number | NA2790 |
| 082 04 - DEWEY DECIMAL CLASSIFICATION NUMBER | |
| Classification number | 720.228 |
| 100 1# - MAIN ENTRY--PERSONAL NAME | |
| Personal name | Dunn, Nick. |
| 9 (RLIN) | 6743 |
| 245 10 - TITLE STATEMENT | |
| Title | Architectural modelmaking / |
| Statement of responsibility, etc. | Nick Dunn. |
| 260 ## - PUBLICATION, DISTRIBUTION, ETC. | |
| Place of publication, distribution, etc. | London : |
| Name of publisher, distributor, etc. | Laurence King Publishers, |
| Date of publication, distribution, etc. | 2010. |
| 300 5# - PHYSICAL DESCRIPTION | |
| Extent | 192 p. ; |
| Dimensions | 28 cm. |
| 490 1# - SERIES STATEMENT | |
| Series statement | Portfolio skills: architecture. |
| 520 ## - SUMMARY, ETC. | |
| Summary, etc. | This book focuses on the inspiring possibilities for creating three-dimensional, physical models of the built environment with all the different media and techniques that are now available. Through description of the use of different models in different contexts, the book provides a practical and effective guide to how and why models are used, in addition to what they are used for, and how they relate to architecture education. |
| 650 #0 - SUBJECT ADDED ENTRY--TOPICAL TERM | |
| Topical term or geographic name entry element | Architectural models |
| 9 (RLIN) | 6744 |
| 650 #0 - SUBJECT ADDED ENTRY--TOPICAL TERM | |
| Topical term or geographic name entry element | Architectural models--Design and construction |
| 9 (RLIN) | 6745 |
| 830 #0 - SERIES ADDED ENTRY--UNIFORM TITLE | |
| Uniform title | Portfolio skills: architecture. |
| 9 (RLIN) | 6746 |
| 856 40 - ELECTRONIC LOCATION AND ACCESS | |
| Materials specified | Amazon.com |
| Uniform Resource Identifier | <a href="http://www.amazon.com/exec/obidos/ASIN/1856696707/chopaconline-20">http://www.amazon.com/exec/obidos/ASIN/1856696707/chopaconline-20</a> |
| 942 ## - ADDED ENTRY ELEMENTS (KOHA) | |
| Source of classification or shelving scheme | |
| Koha item type | Book |
| Withdrawn status | Lost status | Source of classification or shelving scheme | Damaged status | Not for loan | Permanent Location | Current Location | Date acquired | Total Checkouts | Full call number | Barcode | Date last seen | Date last checked out | Cost, replacement price | Price effective from | Koha item type |
|---|---|---|---|---|---|---|---|---|---|---|---|---|---|---|---|
| School of Art Design and Architecture (SADA) | School of Art Design and Architecture (SADA) | 06/20/2013 | 3 | 720.228 DUN 2010 | SADA0002028 | 02/26/2016 | 01/28/2016 | 3120.00 | 07/26/2013 | Book |
